000 00679nam a2200241Ia 4500
003 OSt
005 20220928114539.0
006 a|||||r|||| 00| 0
007 ta
008 220927b |||||||| |||| 00| 0 eng d
024 _a56210
037 _cTextual
040 _aSDCL
_cSDCL
_beng
041 _2eng
_aeng
082 _aY15.3'N3<-K, L7
100 _aRowbotham Sheila
_9412456
245 0 _aHidden from history
_b 300 years of women's oppression and the fight against it
250 _a3
260 _aLondon
_bPluto Press
_c1977
300 _ax,182p
_ccm.
942 _hY15.3'N3<-K, L7
_cTEXL
_2CC
999 _c755378
_d755378